LEADER 01460nas 2200469-a 450 001 9910142434403321 005 20170206053331.9 035 $a(OCoLC)56728728 035 $a(CKB)1000000000318346 035 $a(CONSER)--2004237041 035 $a(EXLCZ)991000000000318346 100 $a20041014a20029999 -a- - 101 0 $aeng 200 00$aDanish input-output tables and analyses 210 $aKøbenhavn $cStatistics Denmark$d2004- 311 $a1603-8533 531 $aDANISH INPUT-OUTPUT TABLES & ANALYSES 606 $aInput-output tables$zDenmark$vPeriodicals 606 $aINPUT-OUTPUT ANALYSIS$2unbist 606 $aIMPORTS$2unbist 606 $aEMPLOYMENT$2unbist 606 $aENVIRONMENTAL PROTECTION$2unbist 606 $aENVIRONMENTAL STATISTICS$2unbist 606 $aECONOMIC STATISTICS$2unbist 606 $aDENMARK$2unbist 606 $aInput-output tables$2fast$3(OCoLC)fst00973791 607 $aDenmark$2fast 608 $aPeriodicals.$2fast 615 0$aInput-output tables 615 17$aINPUT-OUTPUT ANALYSIS. 615 17$aIMPORTS. 615 17$aEMPLOYMENT. 615 17$aENVIRONMENTAL PROTECTION. 615 17$aENVIRONMENTAL STATISTICS. 615 17$aECONOMIC STATISTICS. 615 17$aDENMARK. 615 7$aInput-output tables. 712 02$aDanmarks statistik. 906 $aJOURNAL 912 $a9910142434403321 996 $aDanish input-output tables and analyses$91973366 997 $aUNINA LEADER 01239nam a2200289 i 4500 001 991001711239707536 005 20020507150838.0 008 000127s1990 it ||| | ita 020 $a8838795797 035 $ab11553029-39ule_inst 035 $aLE02723654$9ExL 040 $aDip.to Studi Giuridici$bita 084 $aAM-XII/B 100 1 $aAssini, Nicola$08902 245 10$aAssociazioni ecologiste e tutela giurisdizionale dell'ambiente :$bprofili amministrativi, civili e penali /$cPierluigi Mantini ... [et al.] ; a cura di Nicola Assini e Pierluigi Mantini 260 $aRimini :$bMaggioli,$cc 1990 300 $a360 p. ;$c24 cm. 490 0 $aEcologia, beni culturali ed ambientali 490 0 $aAmbiente, territorio, edilizia, urbanistica ;$v21 500 $aSegue: Appendice 700 1 $aMantini, Pierluigi$eauthor$4http://id.loc.gov/vocabulary/relators/aut$08903 907 $a.b11553029$b01-03-17$c02-07-02 912 $a991001711239707536 945 $aLE027 AM-XII/B 32$g1$i2027000203390$lle027$o-$pE0.00$q-$rl$s- $t0$u4$v0$w4$x0$y.i11753286$z02-07-02 996 $aAssociazioni ecologiste e tutela giurisdizionale dell'ambiente$91451878 997 $aUNISALENTO 998 $ale027$b01-01-00$cm$da $e-$fita$git $h0$i1 LEADER 03139 am 22005173u 450 001 9910140445403321 005 20230803032318.0 035 $a(CKB)2670000000557909 035 $a(SSID)ssj0001664908 035 $a(PQKBManifestationID)16453626 035 $a(PQKBTitleCode)TC0001664908 035 $a(PQKBWorkID)14998936 035 $a(PQKB)11105485 035 $a(oapen)https://directory.doabooks.org/handle/20.500.12854/39121 035 $a(EXLCZ)992670000000557909 100 $a20160829d2013 uy p 101 0 $aeng 135 $aurm|#---||||| 181 $ctxt$2rdacontent 182 $cc$2rdamedia 183 $acr$2rdacarrier 200 14$aThe apartment of tragic appliances /$fMichael D. Snediker 210 $aBrooklyn, NY$cpunctum books$d2013 210 31$a[Brooklyn, New York]:$cPunctum Books,$d2013 210 4$a©2013 215 $a1 online resource (69 pages) $c1 illustration; digital file(s) 300 $a"First published in 2013 by Peanut Books, a literary offshoot of punctum books, Brooklyn, NY"--title page verso. 300 $aBibliographic Level Mode of Issuance: Monograph 311 $a0-615-79248-0 330 3 $aThe Apartment of Tragic Appliances, named as a finalist for a 2013 Lambda Literary Award, is a literal place in which a hapless, portable dishwasher "heats residue only to reimagine cleanliness as an art project," a recalcitrant microwave neglects to heat, and a refrigerator dies an inconvenient, bulky death. It is also that psychic space in which we consider our loneliness, our wandering hearts, our unpacked boxes, our vulgar desires.In Queer Optimism: Lyric Personhood and Other Felicitous Persuasions (Minnesota, 2007), Michael Snediker worked "in the interests of felicity" to undermine the ways in which queer theory customarily privileges shame and melancholy. Here, in his first full-length collection of poetry, he undertakes a similar upending of expectation, acknowledging "gay sadness" but refusing to fall fully under its sway. The demi-tragedies of daily life are recounted by a voice that is variously wistful, giddy, bawdy, silly, and tart. Along the way, Michael Snediker sets off an impressive pyrotechnic display of literary allusion, drawing on the superstars of the Western canon (think: Virgil, Racine, Proust, James, Wharton, Tennessee Williams) and of popular culture (Lucille Ball, John Travolta, Alex Trebek).Buyer beware: In these pages you will not find advice on how to feng shui your duplex or tame a Cuisinart run amok. Instead, you will find something far rarer: a book of poetic sustenance. As Daniel Tiffany observes, "We have been missing poems like these for a long time.? 606 $aPoetry 606 $aPopular culture$xPoetry 610 $apoetry 610 $agay life 610 $aprose poems 610 $alove 615 0$aPoetry. 615 0$aPopular culture$xPoetry. 676 $a811 700 $aSnediker$b Michael D.$0802576 801 0$bPQKB 801 2$bUkMaJRU 906 $aBOOK 912 $a9910140445403321 996 $aApartment of Tragic Appliances$91803894 997 $aUNINA